000 00329nam a2200133Ia 4500
008 240624s9999 xx 000 0 und d
041 _aeng
082 _a828 THA
100 _aTHAKUR SANKARSHAN
245 _aBROTHERS BIHARI
260 _c2015
_aNew Delhi
_bHarperCollins
300 _ax, : 418 : p. : cm. ; 21
365 _cRS
_b30
999 _c26814
_d26814